USA vs Canada - Statistics

General Stats
  • This quiz has been taken 153 times
  • The average score is 3 of 20
Answers on the Grid
Answers color-coded by a green-red scale on the quiz's grid according to % correct below.
USA
USA
USA
USA
Canada
Canada
Canada
Canada
Canada
USA
USA
USA
USA
USA
Canada
Canada
Canada
Usa
Canada
Usa
Canada
USA
Canada
Usa
Canada
Canada
Usa
USA
USA
Canada
 
Answer Stats
Answer % Correct
USA
89%
USA
69%
USA
64%
USA
61%
Canada
29%
USA
10%
Canada
6%
Canada
6%
Canada
1%
Usa
1%
Canada
0%
Canada
0%
Canada
0%
Canada
0%
USA
0%
USA
0%
USA
0%
Usa
0%
Usa
0%
USA
0%
No matching quizzes found
Score Distribution
Percent of People with Each Score
Percentile by Number Answered
Your Score History
You have not taken this quiz